Presentar una propuesta de diseño y simulación de un sistema de monitoreo cardíaco que fomente investigaciones biomédicas en la Facultad de Electrotecnia y Computación de la Universidad Nacional de Ingeniería.

Presenta un sistema de monitoreo cardiaco diseñado con la facilidad de proveer al lector información tecnológica sobre los sistemas de adquisición de señales cardiacas, manipulación y procesamiento de la misma, mediante la utilización de herramientas software de simulación tanto de circuitos...

Full description

Bibliographic Details
Main Authors: Urbina Navarro, Jorge Isaack, Rojas Mairena, Oscar Laureano
Other Authors: Tutor: Martínez Toribio, Juan Manuel
Format: Tesis Section = Libro
Language:Undetermined
Spanish
Published: Managua UNI 2011
Subjects:
LEADER 01310nam a2200241Ia 4500
008 240830s9999 xx 000 0 und d
040 |a BIBLIOTECA-RUSB/ Mon 003.3 U73 
041 |a spa 
082 |a Mon 003.3 U73 
100 1 |a Urbina Navarro, Jorge Isaack 
100 1 |b  Rojas Mairena, Oscar Laureano 
245 1 0 |a Presentar una propuesta de diseño y simulación de un sistema de monitoreo cardíaco que fomente investigaciones biomédicas en la Facultad de Electrotecnia y Computación de la Universidad Nacional de Ingeniería. 
260 |a Managua  |b UNI  |c 2011 
300 |a 125 p. :il. 
502 |a Tesis (Ingeniero Electrónico) - UNI, 2011. 
520 3 |a Presenta un sistema de monitoreo cardiaco diseñado con la facilidad de proveer al lector información tecnológica sobre los sistemas de adquisición de señales cardiacas, manipulación y procesamiento de la misma, mediante la utilización de herramientas software de simulación tanto de circuitos electrónicos como el procesamiento y presentación de datos adquiridos por el hardware. 
650 7 |a SIMULACION DE COMPUTADORES DIGITALES 
650 7 |b  INGENIERÍA BIOMEDICA 
650 7 |c  INSTRUMENTACION ELECTRÓNICA 
700 1 |a Tutor:  |b Martínez Toribio, Juan Manuel 
942 |c BK  |2 ddc 
991 |a TESIS 
999 |c 19592